Die am Meisten Erratenen Länder auf Jetpunk - Statistiken

Allgemein
  • Dieses Quiz wurde 796 mal gespielt
  • Das Durchschnittsergebnis liegt bei 19 aus 22
Antwortstatistiken
% Land % Korrekt
96% Deutschland
99%
93% Russland
97%
95% Vereinigte Staaten
97%
93% Frankreich
95%
93% Spanien
94%
93% China
93%
93% Italien
91%
93% Kanada
89%
90% Brasilien
88%
91% Australien
85%
90% Polen
85%
89% Österreich
84%
90% Schweiz
84%
90% Japan
83%
90% Mexiko
83%
91% Schweden
83%
90% Indien
78%
89% Norwegen
78%
92% Portugal
78%
88% Dänemark
70%
90% Finnland
70%
90% Irland
54%
Keine übereinstimmenden Quizze gefunden
Verteilung der Resultate
Anzahl Personen mit jedem Resultat
Perzentil nach korrekt beantworteten Fragen
Ihre Resultats-Entwicklung
Sie haben dieses Quiz noch nicht gespielt